000 00431nam a2200157Ia 4500
008 181130s2018 xx 000 0 und d
100 _aSuthar, Sudhir Kumar
245 _aContemporary farmers' protests and the 'new rural- agrarian' in India
260 _c2018
300 _ap.17-23.
504 _d30-Jun
650 _aFarmers
650 _aFarmers - India
773 _aEconomic and Political Weekly
906 _aFarmers
999 _c506394
_d506394